[Event "World Blitz 2015"]
[Site "Berlin GER"]
[Date "2015.10.14"]
[Round "12.91"]
[White "Thornton, Giovanni Antonio"]
[Black "Camacho Collados, Jose"]
[Result "1/2-1/2"]
[BlackTitle "IM"]
[WhiteElo "2207"]
[BlackElo "2383"]
[WhiteFideId "4300963"]
[BlackFideId "2265427"]
[EventDate "2015.10.13"]

1. c4 Nf6 2. g3 g6 3. Bg2 Bg7 4. Nf3 O-O 5. d4 c5 6. O-O d6 7. b3 Bf5 8. Bb2
Nbd7 9. Nc3 Qc8 10. Nh4 cxd4 11. Nxf5 gxf5 12. Qxd4 Nc5 13. Nd5 Qd7 14. Qd2 Nfe4
15. Qc2 e6 16. Nf4 Rac8 17. Rad1 b5 18. Nh5 Bxb2 19. Qxb2 f6 20. f3 Qf7 21. Nf4
Ng5 22. h4 e5 23. Nd5 Nge6 24. cxb5 Nd4 25. e3 Nxb5 26. a4 Nc7 27. Nb4 Rb8 28.
Qd2 Nxb3 29. Qxd6 Ne6 30. Nc6 Rb6 31. f4 e4 32. Rb1 Rd8 33. Nxd8 Rxd6 34. Nxf7
Rd3 35. Nh6+ Kf8 36. Nxf5 Nd2 37. Bxe4 Nxe4 38. Rbd1 Ra3 39. Nd6 Nc3 40. Rd2
Rxa4 41. Rc1 Ra3 42. Kh1 Nc5 43. Nc4 Rb3 44. Rdc2 N5e4 45. Nd6 Rb6 46. Nxe4 Nxe4
47. Rc8+ Ke7 48. R8c7+ Kd6 49. R7c2 Nxg3+ 50. Kh2 Nf5 51. Kh3 Nxe3 52. Rd2+ Nd5
53. Rcd1 Rb5 54. Kg4 Ke6 55. Re1+ Kf7 56. Ra2 a5 57. Rea1 Ne3+ 58. Kf3 Nc4 59.
Ra4 Rc5 60. Kg3 Ke6 61. Rc1 Kd5 62. Rd1+ Ke4 63. Rc1 Kd5 64. Rd1+ Ke4 65. Rc1
Kd5 66. Rd1+ Ke4 67. Rc1 Kd5 68. Rd1+ Kc6 69. h5 Kb5 70. Raa1 Ne3 71. Rdb1+ Kc6
72. Rc1 Nc4 73. h6 Kd5 74. Rd1+ Ke4 75. Rd7 Ne3 76. Ra4+ Kf5 77. Rxh7 Ng4 78.
Rg7 Nxh6 79. Ra7 Rc3+ 80. Kf2 Kg4 81. f5+ Kxf5 82. R7xa5+ Kg6 83. Ra3 Rc2+ 84.
Kf1 f5 85. Ra2 Rc1+ 86. Kf2 Rc3 87. R5a3 Rc4 88. Ra4 Rc3 89. R4a3 Rc4 90. Ra4
Rc3 91. R4a3 Rc1 92. Ra1 Rc2+ 93. Kg1 Ng4 94. R3a2 Rc3 95. Rg2 Kg5 96. Rf1 Rh3
97. Ra1 Re3 98. Rb1 Kh4 99. Rd1 Ra3 100. Rf1 Kg5 101. Rb1 Re3 102. Rf1 Rh3 103.
Ra1 Rd3 104. Rb1 Kf4 105. Rf1+ Kg5 106. Rb1 Rd5 107. Rf1 Ra5 108. Rb1 Kf6 109.
Rc2 Ra3 110. Rf1 Rg3+ 111. Kh1 Rh3+ 112. Kg1 Kg5 113. Rg2 Ra3 114. Rb1 Kf6 115.
Rc1 Rb3 116. Rc6+ Kg5 117. Rc1 Rd3 118. Rb1 Kf6 119. Rb6+ Kg5 120. Rb1 1/2-1/2

[Event "World Blitz 2015"]
[Site "Berlin GER"]
[Date "2015.10.14"]
[Round "12.92"]
[White "Pavlovic, Milos"]
[Black "Hilverda, Alexander"]
[Result "1-0"]
[WhiteTitle "GM"]
[WhiteElo "2481"]
[BlackElo "2384"]
[WhiteFideId "900389"]
[BlackFideId "4695437"]
[EventDate "2015.10.13"]

1. e4 c5 2. Nf3 e6 3. c3 d5 4. e5 d4 5. g3 Nc6 6. Bg2 Nge7 7. O-O Ng6 8. Qe2 Be7
9. h4 h5 10. d3 O-O 11. Nbd2 Qc7 12. Re1 b6 13. a4 Bb7 14. Nc4 a6 15. Ng5 b5 16.
Nd6 Rad8 17. Qxh5 Bxg5 18. Bxg5 Rxd6 19. exd6 Qxd6 20. axb5 axb5 21. cxd4 Qxd4
22. Be3 Qxb2 23. Qxc5 Nd8 24. Bd4 Qb3 25. h5 Bxg2 26. Kxg2 Nh8 27. h6 Qd5+ 28.
Qxd5 1-0

[Event "World Blitz 2015"]
[Site "Berlin GER"]
[Date "2015.10.14"]
[Round "12.93"]
[White "Koehler, Gerhard2"]
[Black "Cordeiro, Marco Aurelio Zaror"]
[Result "0-1"]
[WhiteElo "2173"]
[BlackElo "2228"]
[WhiteFideId "12909700"]
[BlackFideId "2117991"]
[EventDate "2015.10.13"]

1. c4 e5 2. Nc3 Nc6 3. g3 f5 4. Bg2 Nf6 5. e3 Bc5 6. Nge2 d6 7. d4 Bb6 8. O-O
O-O 9. d5 Ne7 10. Na4 Qe8 11. Nxb6 axb6 12. a3 Bd7 13. Bd2 b5 14. b3 bxc4 15.
bxc4 Qh5 16. Nc3 Qxd1 17. Rfxd1 Ra7 18. Rdb1 Rfa8 19. Bc1 e4 20. Bf1 Ng6 21. Rb3
Ne5 22. Rab1 b6 23. Kg2 Ba4 24. R3b2 Nfd7 25. Rd2 Nc5 26. h3 Ncd3 27. Bxd3 Nxd3
28. g4 g6 29. Kf1 Bd7 30. gxf5 gxf5 31. Ke2 Kf7 32. Nb5 Bxb5 33. cxb5 Rg8 34.
Rd1 Rg2 35. Rf1 Rh2 36. Rb3 Ke7 37. Bd2 Kd7 38. Be1 Nc1+ 39. Kd1 Nxb3 0-1

[Event "World Blitz 2015"]
[Site "Berlin GER"]
[Date "2015.10.14"]
[Round "12.94"]
[White "Zepeda, Lorena"]
[Black "Sawlin, Leonid"]
[Result "1-0"]
[WhiteTitle "WIM"]
[WhiteElo "2106"]
[BlackElo "2258"]
[WhiteFideId "6700233"]
[BlackFideId "4689542"]
[EventDate "2015.10.13"]

1. e4 e6 2. d3 d5 3. Nd2 Nf6 4. Ngf3 c5 5. g3 Nc6 6. Bg2 Be7 7. O-O O-O 8. c3 b5
9. exd5 exd5 10. d4 Bg4 11. dxc5 Bxc5 12. h3 Bh5 13. Nb3 Bb6 14. Bg5 b4 15. Bxf6
Qxf6 16. Qxd5 Bg6 17. Nh4 Rac8 18. Nxg6 Qxg6 19. cxb4 Qxg3 20. Nc5 Nxb4 21. fxg3
Nxd5 22. Bxd5 Rxc5 23. Bg2 Rc2+ 24. Kh1 Rxb2 25. a4 g6 26. a5 Bc7 27. g4 Kg7 28.
a6 Rd8 29. Rad1 Rxd1 30. Rxd1 Ra2 31. Bb7 Rh2+ 32. Kg1 Rxh3 33. Rd7 Bb6+ 34. Kg2
Rh4 35. Kg3 Rh1 36. Bxh1 Kf6 37. Bd5 Ke5 38. Bxf7 Kf6 39. Bd5 h6 40. Rb7 Ke5 41.
Rxb6 axb6 42. a7 Kxd5 43. a8=Q+ Kc5 44. Qf8+ Kc4 45. Qxh6 b5 46. Qxg6 b4 47.
Qe6+ Kc3 48. g5 b3 49. Qxb3+ Kxb3 50. g6 1-0

[Event "World Blitz 2015"]
[Site "Berlin GER"]
[Date "2015.10.14"]
[Round "13.5"]
[White "Karjakin, Sergey"]
[Black "Socko, Bartosz"]
[Result "1-0"]
[WhiteTitle "GM"]
[BlackTitle "GM"]
[WhiteElo "2762"]
[BlackElo "2599"]
[WhiteFideId "14109603"]
[BlackFideId "1107038"]
[EventDate "2015.10.13"]

1. e4 e6 2. d4 d5 3. Nd2 c5 4. exd5 Qxd5 5. Ngf3 cxd4 6. Bc4 Qd7 7. O-O Nc6 8.
Nb3 a6 9. Nbxd4 Nxd4 10. Nxd4 Nf6 11. Bg5 Bc5 12. c3 Qc7 13. Bd3 Be7 14. Qf3 O-O
15. Rfe1 h6 16. Bh4 Bd7 17. Nf5 Bc6 18. Qg3 Qxg3 19. Nxe7+ Kh8 20. Bxg3 Bd7 21.
Rad1 Rfe8 22. Bd6 Rad8 23. Bc2 Bb5 24. Ba3 g5 25. b3 Rxd1 26. Rxd1 Be2 27. Rd2
Bh5 28. c4 Kg7 29. f3 b5 30. Nc6 1-0

[Event "World Blitz 2015"]
[Site "Berlin GER"]
[Date "2015.10.14"]
[Round "13.6"]
[White "Nguyen, Ngoc Truong Son"]
[Black "Onischuk, Vladimir"]
[Result "0-1"]
[WhiteTitle "GM"]
[BlackTitle "GM"]
[WhiteElo "2634"]
[BlackElo "2612"]
[WhiteFideId "12401110"]
[BlackFideId "14114038"]
[EventDate "2015.10.13"]

1. e4 d6 2. d4 Nf6 3. Nc3 g6 4. Nf3 Bg7 5. h3 O-O 6. Be3 a6 7. Bd3 Nc6 8. O-O e5
9. Qd2 Nh5 10. dxe5 dxe5 11. Nd5 Be6 12. Bc4 Nf4 13. Rfd1 Bxd5 14. exd5 Ne7 15.
Bb3 Nf5 16. Bxf4 exf4 17. c4 Qd6 18. Bc2 Ne7 19. Rab1 a5 20. b4 axb4 21. Qxb4
Rxa2 22. c5 Qf6 23. Bb3 Ra7 24. d6 Nc6 25. Qb5 cxd6 26. cxd6 h6 27. Bd5 Rd8 28.
Bxc6 bxc6 29. Qxc6 Kh7 30. d7 Qxc6 0-1

[Event "World Blitz 2015"]
[Site "Berlin GER"]
[Date "2015.10.14"]
[Round "13.7"]
[White "Leko, Peter"]
[Black "Vitiugov, Nikita"]
[Result "1/2-1/2"]
[WhiteTitle "GM"]
[BlackTitle "GM"]
[WhiteElo "2707"]
[BlackElo "2725"]
[WhiteFideId "703303"]
[BlackFideId "4152956"]
[EventDate "2015.10.13"]

1. e4 c5 2. Nf3 e6 3. d4 cxd4 4. Nxd4 Bc5 5. Nc3 Qb6 6. Na4 Qa5+ 7. c3 Bxd4 8.
Qxd4 Nf6 9. Nc5 b6 10. Nb3 Nc6 11. Nxa5 Nxd4 12. cxd4 bxa5 13. f3 Bb7 14. Bd2 a4
15. Bb5 Bc6 16. Bxc6 dxc6 17. Rc1 Kd7 18. Rc4 Rhb8 19. Bb4 Nd5 20. Bd2 Nb6 21.
Rc2 Nc8 22. Ke2 Rb5 23. Rhc1 Ne7 24. Rc4 Rxb2 25. Rxa4 Rb5 26. Kd3 f5 27. Ra6
Rb6 28. Ra5 Rb5 29. Rc5 Rxc5 30. Rxc5 Rb8 31. Ra5 Rb7 32. a3 fxe4+ 33. fxe4 Nc8
34. Bb4 Rb5 35. Ra6 Rh5 36. h3 Rg5 37. g4 h5 38. Ra5 Rxa5 39. Bxa5 hxg4 40. hxg4
Nd6 41. Bb4 Nf7 42. Bf8 g6 43. Bb4 Nh6 44. g5 Nf7 45. Bd2 e5 46. d5 cxd5 47.
exd5 Nd6 48. Bc3 Nf7 49. Bd2 Nd6 50. Bc3 Nf7 1/2-1/2

[Event "World Blitz 2015"]
[Site "Berlin GER"]
[Date "2015.10.14"]
[Round "13.8"]
[White "Svidler, Peter"]
[Black "Movsesian, Sergei"]
[Result "1-0"]
[WhiteTitle "GM"]
[BlackTitle "GM"]
[WhiteElo "2727"]
[BlackElo "2658"]
[WhiteFideId "4102142"]
[BlackFideId "310204"]
[EventDate "2015.10.13"]

1. e4 c5 2. Nf3 d6 3. Bb5+ Nc6 4. O-O Bd7 5. Re1 Nf6 6. c3 a6 7. Bf1 e5 8. h3
Be7 9. d4 O-O 10. d5 Na7 11. Nxe5 dxe5 12. d6 Be6 13. dxe7 Qxe7 14. Nd2 Rfd8 15.
Qc2 Rac8 16. b3 b5 17. a4 Qb7 18. axb5 axb5 19. Nf3 Nc6 20. Be3 Nd4 21. cxd4
cxd4 22. Qb2 dxe3 23. Rxe3 Nxe4 24. Qxe5 Nc5 25. b4 Na6 26. Nd4 Bc4 27. Nf5 f6
28. Qg3 Rc7 29. Bxc4+ bxc4 30. Rxa6 c3 31. Rd6 Rdc8 32. Rde6 Qb5 33. Nd6 Qd7 34.
Re8+ Rxe8 35. Rxe8+ 1-0

[Event "World Blitz 2015"]
[Site "Berlin GER"]
[Date "2015.10.14"]
[Round "13.9"]
[White "Tomashevsky, Evgeny"]
[Black "Kasimdzhanov, Rustam"]
[Result "1-0"]
[WhiteTitle "GM"]
[BlackTitle "GM"]
[WhiteElo "2758"]
[BlackElo "2704"]
[WhiteFideId "4147235"]
[BlackFideId "14200244"]
[EventDate "2015.10.13"]

1. c4 Nf6 2. Nc3 e5 3. Nf3 Nc6 4. g3 Bb4 5. Nd5 Nxd5 6. cxd5 Nd4 7. Nxd4 exd4 8.
Qc2 Be7 9. Qe4 O-O 10. Qxd4 Bf6 11. Qc4 Re8 12. Bg2 a5 13. d3 b5 14. Qc2 Qe7 15.
d6 Qxd6 16. Bxa8 c6 17. O-O Ba6 18. Bf4 Qe6 19. Bxc6 dxc6 20. Rac1 Bb7 21. e4
Qxa2 22. Ra1 Qxb2 23. Qxb2 Bxb2 24. Rxa5 Bc3 25. Ra7 Bc8 26. Ra8 Bd7 27. Rxe8+
Bxe8 28. Bd6 f5 29. Rc1 Bd4 30. exf5 h5 31. Bc5 Bf6 32. f3 Bd7 33. g4 g6 34. Kf2
hxg4 35. fxg4 Bh4+ 36. Kf3 gxf5 37. g5 Kf7 38. Kf4 Kg6 39. Rg1 Be6 40. Be7 Bf2
41. Ra1 Bh4 42. Bf6 Bd5 43. Ra7 Be1 44. Rg7+ Kh5 45. Rh7+ Kg6 46. Rh6+ Kf7 47.
Bd4 b4 48. g6+ Ke7 49. Rh7+ Kd6 50. g7 Bd2+ 51. Be3 Bc3 52. Rh6+ Be6 53. Rxe6+ 1-0

[Event "World Blitz 2015"]
[Site "Berlin GER"]
[Date "2015.10.14"]
[Round "13.11"]
[White "Wojtaszek, Radoslaw"]
[Black "Vallejo Pons, Francisco"]
[Result "1-0"]
[WhiteTitle "GM"]
[BlackTitle "GM"]
[WhiteElo "2734"]
[BlackElo "2684"]
[WhiteFideId "1118358"]
[BlackFideId "2205530"]
[EventDate "2015.10.13"]

1. d4 Nf6 2. c4 b6 3. f3 Nc6 4. Nc3 e5 5. d5 Ne7 6. e4 Ng6 7. Be3 Bc5 8. Qd2 d6
9. O-O-O h5 10. h4 Bd7 11. g3 a6 12. Kb1 Qb8 13. Rc1 b5 14. Bxc5 dxc5 15. Nd1
Qb6 16. Ne3 b4 17. Bh3 O-O-O 18. Bxd7+ Rxd7 19. Nh3 Ne8 20. Nf2 Nd6 21. Nd3 f6
22. Qf2 Ne7 23. Nf1 Nb7 24. Nd2 Rd6 25. Nb3 a5 26. Nbxc5 Nxc5 27. Qxc5 Kb8 28.
Qxb6+ cxb6 29. c5 bxc5 30. Rxc5 f5 31. Nxe5 fxe4 32. fxe4 Re8 33. Rb5+ Ka7 34.
Rxa5+ Kb7 35. Nc4 Rg6 36. Rc1 Rxg3 37. Nd6+ 1-0

[Event "World Blitz 2015"]
[Site "Berlin GER"]
[Date "2015.10.14"]
[Round "13.14"]
[White "Bocharov, Dmitry"]
[Black "Mamedov, Rauf"]
[Result "1-0"]
[WhiteTitle "GM"]
[BlackTitle "GM"]
[WhiteElo "2560"]
[BlackElo "2657"]
[WhiteFideId "4138716"]
[BlackFideId "13401653"]
[EventDate "2015.10.13"]

1. c4 c5 2. Nf3 Nf6 3. g3 g6 4. Nc3 Bg7 5. Bg2 Nc6 6. d4 cxd4 7. Nxd4 O-O 8. Nc2
d6 9. b3 h5 10. h3 Qa5 11. Bd2 Qd8 12. O-O Be6 13. Nd5 Bxd5 14. cxd5 Ne5 15. Rc1
Rc8 16. f4 Ned7 17. e4 Qb6+ 18. Kh2 Qa6 19. Nb4 Qa3 20. Rc2 Nc5 21. Qe2 a5 22.
Nd3 Nxd3 23. Qxd3 Nd7 24. Rfc1 Rxc2 25. Rxc2 Nc5 26. Qc4 h4 27. gxh4 Na6 28. Be3
Qb4 29. Qe2 Nc5 30. Rc4 Qb5 31. h5 a4 32. Bxc5 axb3 33. axb3 dxc5 34. Qd3 gxh5
35. e5 Ra8 36. Qg3 Kf8 37. f5 Ra2 38. Re4 c4 39. d6 exd6 40. f6 Bh6 41. e6 fxe6
42. Qxd6+ Kg8 43. Qxe6+ Kh8 44. Qc8+ Kh7 45. Re7+ Kg6 46. Qg8+ Kf5 47. Qe6+ Kg5
48. Qg8+ Kf5 49. Qh7+ Kxf6 50. Rf7+ Kg5 51. Qg8+ 1-0

[Event "World Blitz 2015"]
[Site "Berlin GER"]
[Date "2015.10.14"]
[Round "13.17"]
[White "Korobov, Anton"]
[Black "Zhang, Zhong"]
[Result "1-0"]
[WhiteTitle "GM"]
[BlackTitle "GM"]
[WhiteElo "2700"]
[BlackElo "2619"]
[WhiteFideId "14105730"]
[BlackFideId "8600694"]
[EventDate "2015.10.13"]

1. d4 d5 2. c4 e6 3. Nc3 Be7 4. Nf3 Nf6 5. Bf4 Nbd7 6. e3 c6 7. h3 b6 8. Bd3 Bb7
9. O-O c5 10. cxd5 exd5 11. Ne5 O-O 12. Qf3 a6 13. Rfd1 c4 14. Bxc4 b5 15. Bxd5
Nxd5 16. Nxd5 Nb6 17. Nc6 Bxc6 18. Nxe7+ Qxe7 19. Qxc6 Nc4 20. b3 Rfc8 21. Qf3
Nb6 22. Rac1 h6 23. d5 Rxc1 24. Rxc1 Qa3 25. Rc2 Nd7 26. d6 Qb4 27. Qxa8+ 1-0

[Event "World Blitz 2015"]
[Site "Berlin GER"]
[Date "2015.10.14"]
[Round "13.19"]
[White "Zvjaginsev, Vadim"]
[Black "Bruzon Batista, Lazaro"]
[Result "0-1"]
[WhiteTitle "GM"]
[BlackTitle "GM"]
[WhiteElo "2660"]
[BlackElo "2659"]
[WhiteFideId "4113403"]
[BlackFideId "3503739"]
[EventDate "2015.10.13"]

1. e4 c5 2. Nf3 d6 3. Bb5+ Bd7 4. a4 Nf6 5. d3 g6 6. O-O Bg7 7. h3 O-O 8. Nc3 a6
9. Bxd7 Nfxd7 10. Be3 Nc6 11. Qd2 Nd4 12. Nh2 Rc8 13. a5 e6 14. Ra2 Nc6 15. Raa1
Nxa5 16. Bh6 Nc6 17. Bxg7 Kxg7 18. f4 f5 19. Nf3 h6 20. Kh1 Nf6 21. Rae1 Nh5 22.
Rf2 Kh7 23. exf5 exf5 24. d4 Qf6 25. Nd5 Qf7 26. dxc5 Ng3+ 27. Kh2 Ne4 28. Rxe4
fxe4 29. Nh4 dxc5 30. c4 Nd4 31. f5 gxf5 32. Qf4 Rce8 33. g4 b5 34. g5 hxg5 35.
Qxg5 Re6 36. Rg2 Rg8 37. Ng6 Qxg6 38. Qh4+ Qh6 0-1

[Event "World Blitz 2015"]
[Site "Berlin GER"]
[Date "2015.10.14"]
[Round "13.20"]
[White "Fressinet, Laurent"]
[Black "Fridman, Daniel"]
[Result "0-1"]
[WhiteTitle "GM"]
[BlackTitle "GM"]
[WhiteElo "2702"]
[BlackElo "2649"]
[WhiteFideId "608742"]
[BlackFideId "11600454"]
[EventDate "2015.10.13"]

1. c4 e6 2. g3 d5 3. Bg2 Nf6 4. Nf3 d4 5. O-O c5 6. b4 cxb4 7. a3 Nc6 8. d3 a5
9. Nbd2 h6 10. Qa4 Bd7 11. Bb2 e5 12. Qb5 Qc7 13. Nb3 a4 14. axb4 Bd6 15. Nc5
Bxc5 16. Qxc5 b6 17. Qb5 O-O 18. c5 Rfb8 19. Rfc1 Qd8 20. cxb6 Rxb6 21. Qc5 Rab8
22. Nxe5 Nxe5 23. Qxe5 Re6 24. Qxd4 Rxe2 25. Bf3 Re8 26. Re1 Rxe1+ 27. Rxe1 Bb5
28. Qf4 Rc8 29. Bg4 Ra8 30. Bf3 Rc8 31. Rd1 Rc2 32. Bxf6 Qxf6 33. Qb8+ Kh7 34.
Be4+ g6 35. Rf1 a3 36. Qxb5 a2 37. Qa4 Rxf2 38. Rxf2 a1=Q+ 39. Qxa1 Qxa1+ 40.
Kg2 f5 41. Bf3 Qb1 42. d4 Qxb4 43. d5 Qd4 44. Re2 g5 45. Re7+ Kg6 46. Re6+ Kg7
47. Re7+ Kf8 48. Rd7 Qd2+ 49. Kg1 Qe1+ 50. Kg2 g4 51. Bxg4 fxg4 52. Rd6 h5 53.
Re6 Qd2+ 0-1

[Event "World Blitz 2015"]
[Site "Berlin GER"]
[Date "2015.10.14"]
[Round "13.21"]
[White "Lagno, Kateryna"]
[Black "Cheparinov, Ivan"]
[Result "0-1"]
[WhiteTitle "GM"]
[BlackTitle "GM"]
[WhiteElo "2523"]
[BlackElo "2681"]
[WhiteFideId "14109336"]
[BlackFideId "2905540"]
[EventDate "2015.10.13"]

1. Nf3 Nf6 2. c4 e6 3. g3 d5 4. Bg2 Be7 5. O-O O-O 6. d4 c6 7. Nc3 Nbd7 8. Qd3
b6 9. e4 Bb7 10. e5 dxc4 11. Qxc4 Nd5 12. Nxd5 cxd5 13. Qd3 a5 14. Re1 Ba6 15.
Qe3 Rc8 16. Bd2 Nb8 17. Rac1 Nc6 18. Rc2 Qd7 19. Rec1 Rc7 20. Qb3 Bc4 21. Qe3
Rfc8 22. a3 a4 23. Ne1 Na5 24. Bxa5 bxa5 25. Bf1 Bb3 26. Rxc7 Rxc7 27. Rc3 Qc8
28. Rxc7 Qxc7 29. Qd2 h6 30. h4 Bd8 31. Bd3 Qc6 32. Bb1 Qc4 33. Nf3 Bb6 34. Bd3
Qc6 35. Bb1 Qb5 36. Bd3 Bc4 37. Bc2 Kf8 38. Qc3 Ke7 39. Nd2 Qc6 40. Nxc4 Qxc4
41. Qxc4 dxc4 42. Bxa4 Bxd4 43. Bb5 Bxb2 44. Bxc4 Bxa3 45. Bb5 g5 46. hxg5 hxg5
47. Kf1 Bb2 48. f4 gxf4 49. gxf4 Bc1 50. f5 exf5 51. Bd3 f4 0-1

[Event "World Blitz 2015"]
[Site "Berlin GER"]
[Date "2015.10.14"]
[Round "13.22"]
[White "Kovalenko, Igor"]
[Black "Petrosian, Tigran L."]
[Result "0-1"]
[WhiteTitle "GM"]
[BlackTitle "GM"]
[WhiteElo "2700"]
[BlackElo "2625"]
[WhiteFideId "14117908"]
[BlackFideId "13301616"]
[EventDate "2015.10.13"]

1. d4 d6 2. Nf3 Bg4 3. Nbd2 e6 4. c3 Nd7 5. e4 Be7 6. Bd3 Bh5 7. O-O Ngf6 8. Re1
O-O 9. Nf1 Bg6 10. Ng3 c5 11. Be3 cxd4 12. cxd4 a6 13. Qe2 Rc8 14. Nd2 Qa5 15.
a3 Qa4 16. b3 Qa5 17. b4 Qa4 18. h3 Rc3 19. Nb1 Rc7 20. f4 d5 21. e5 Ne4 22.
Bxe4 dxe4 23. Nd2 Bh4 24. Bf2 Bxg3 25. Bxg3 Rc2 26. Qd1 Qc6 27. Nb3 e3 28. Re2
Rxe2 29. Qxe2 Qc3 30. Qa2 e2 31. Bf2 Nb6 32. Rc1 Qd3 33. Re1 Nd5 34. Nc1 Qf5 35.
Nxe2 Nxf4 36. Nxf4 Qxf4 37. Qe2 Rc8 38. Qe3 Qf5 39. Rc1 Rxc1+ 40. Qxc1 h6 41.
Qe3 Qc2 42. Kh2 Be4 43. Qg3 Bd5 44. Be3 Kh7 45. Bf2 Qe2 46. Be3 Bxg2 47. Qxg2
Qxe3 48. Qxb7 Qf2+ 49. Kh1 Qf1+ 50. Kh2 Qf4+ 51. Kg2 Qxd4 52. Qxa6 Qxe5 53. Qd3+
f5 54. b5 Qb2+ 55. Kf3 Kg6 56. a4 e5 57. Qd6+ Kh5 58. b6 e4+ 59. Ke3 Qc3+ 60.
Ke2 Qf3+ 61. Kd2 e3+ 62. Kc2 e2 63. b7 0-1

[Event "World Blitz 2015"]
[Site "Berlin GER"]
[Date "2015.10.14"]
[Round "13.23"]
[White "Sasikiran, Krishnan"]
[Black "Anand, Viswanathan"]
[Result "1/2-1/2"]
[WhiteTitle "GM"]
[BlackTitle "GM"]
[WhiteElo "2639"]
[BlackElo "2803"]
[WhiteFideId "5004985"]
[BlackFideId "5000017"]
[EventDate "2015.10.13"]

1. Nf3 d5 2. g3 c6 3. Bg2 Bg4 4. O-O Nd7 5. d3 e6 6. Nbd2 Bd6 7. b3 Ne7 8. Bb2
O-O 9. h3 Bh5 10. e4 a5 11. a3 f6 12. d4 f5 13. e5 Bc7 14. c4 a4 15. b4 b5 16.
c5 h6 17. Qc2 g5 18. Nh2 Kh8 19. Kh1 Qe8 20. Bf3 Bxf3+ 21. Ndxf3 Qh5 22. Kg2 Rf7
23. Rh1 Rg8 24. Rag1 Qg6 25. Kf1 f4 26. Qxg6 Nxg6 27. g4 Bd8 28. Ke2 1/2-1/2

[Event "World Blitz 2015"]
[Site "Berlin GER"]
[Date "2015.10.14"]
[Round "13.25"]
[White "Inarkiev, Ernesto"]
[Black "Fedoseev, Vladimir3"]
[Result "1-0"]
[WhiteTitle "GM"]
[BlackTitle "GM"]
[WhiteElo "2660"]
[BlackElo "2659"]
[WhiteFideId "4162722"]
[BlackFideId "24130737"]
[EventDate "2015.10.13"]

1. d4 d5 2. c4 e6 3. Nf3 Nf6 4. g3 Bb4+ 5. Bd2 Be7 6. Bg2 O-O 7. O-O c6 8. Qc2
b6 9. Bf4 Ba6 10. cxd5 cxd5 11. Bc7 Qc8 12. Rc1 Qb7 13. Bf4 Nbd7 14. Nc3 b5 15.
Ne5 Rac8 16. Qd2 b4 17. Na4 Bb5 18. b3 Bxa4 19. bxa4 Nxe5 20. Bxe5 Nd7 21. Qd3
Bg5 22. f4 Be7 23. f5 Qb6 24. Kh1 Nxe5 25. dxe5 Bg5 26. Rxc8 Rxc8 27. fxe6 fxe6
28. Bh3 Rc6 29. Rf1 Qc7 30. Qf3 Qe7 31. Bg4 g6 32. h4 Bh6 33. Qf6 Qe8 34. h5 Bg7
35. Qf3 Bxe5 36. h6 Qe7 37. Kg2 a6 38. Qe3 Bf6 39. Qf3 Kf7 40. e4 Rc2+ 41. Kh1
dxe4 42. Qxe4 Rc5 43. Kg2 Qc7 44. Kh3 Qe7 45. Qe3 a5 46. Qf4 Rd5 47. Re1 Rd6 48.
Qe4 Qd7 49. Re3 Ke7 50. Rf3 Rd5 51. Qf4 Bg5 52. Qf8# 1-0

[Event "World Blitz 2015"]
[Site "Berlin GER"]
[Date "2015.10.14"]
[Round "13.26"]
[White "Alekseev, Evgeny"]
[Black "Motylev, Alexander"]
[Result "1/2-1/2"]
[WhiteTitle "GM"]
[BlackTitle "GM"]
[WhiteElo "2642"]
[BlackElo "2649"]
[WhiteFideId "4138147"]
[BlackFideId "4121830"]
[EventDate "2015.10.13"]

1. e4 c6 2. d3 d5 3. Nd2 g6 4. Ngf3 Bg7 5. Qe2 Nf6 6. g3 O-O 7. Bg2 e5 8. Nxe5
Re8 9. Nef3 dxe4 10. dxe4 Bf5 11. Nh4 Bg4 12. Nhf3 Bf5 13. Nh4 Bg4 14. Nhf3 Bf5
15. Nh4 1/2-1/2

[Event "World Blitz 2015"]
[Site "Berlin GER"]
[Date "2015.10.14"]
[Round "13.28"]
[White "Kravtsiv, Martyn"]
[Black "Bindrich, Falko"]
[Result "1-0"]
[WhiteTitle "GM"]
[BlackTitle "GM"]
[WhiteElo "2621"]
[BlackElo "2594"]
[WhiteFideId "14113147"]
[BlackFideId "4676670"]
[EventDate "2015.10.13"]

1. e4 e5 2. Nf3 Nc6 3. Nc3 Nf6 4. d4 exd4 5. Nxd4 Bb4 6. Nxc6 bxc6 7. Bd3 d5 8.
exd5 cxd5 9. O-O O-O 10. h3 c6 11. Qf3 Bd6 12. Bf4 Qc7 13. Bg5 Nd7 14. Qh5 f5
15. Rfe1 Ne5 16. Bf1 f4 17. Rad1 Bf5 18. Ne2 Bg6 19. Qh4 Bxc2 20. Nxf4 Rxf4 21.
Bxf4 Bxd1 22. Bxe5 Bxe5 23. Rxd1 Bxb2 24. Bd3 Bf6 25. Qxh7+ Kf7 26. Re1 Be5 27.
Qh5+ Kg8 28. Qxe5 1-0

[Event "World Blitz 2015"]
[Site "Berlin GER"]
[Date "2015.10.14"]
[Round "13.29"]
[White "Bartel, Mateusz"]
[Black "Bluebaum, Matthias"]
[Result "1-0"]
[WhiteTitle "GM"]
[BlackTitle "GM"]
[WhiteElo "2622"]
[BlackElo "2588"]
[WhiteFideId "1112635"]
[BlackFideId "24651516"]
[EventDate "2015.10.13"]

1. g3 d5 2. Bg2 Nf6 3. d3 e5 4. Nf3 Bd6 5. c4 c6 6. O-O O-O 7. cxd5 cxd5 8. Nc3
d4 9. Nb5 Nc6 10. Nxd6 Qxd6 11. Bd2 Be6 12. Qa4 Nd7 13. Rfc1 Rfc8 14. Ng5 Bd5
15. Ne4 Qe7 16. Qb5 Nb6 17. Qc5 Qxc5 18. Rxc5 Ne7 19. Rac1 Rxc5 20. Rxc5 Rc8 21.
Bb4 Rxc5 22. Bxc5 Kf8 23. Nd6 Bxg2 24. Kxg2 Nd7 25. Ba3 b6 26. Nc8 Nc5 27. Bxc5
bxc5 28. Nxa7 Ke8 29. Nb5 Kd7 30. Na3 Nd5 31. Nc4 f6 32. a3 Kc6 33. e4 dxe3 34.
fxe3 Kb5 35. b3 Nc3 36. Kf3 Kc6 37. a4 h5 38. h4 Nd5 39. g4 hxg4+ 40. Kxg4 Nb4
41. Kf5 Nxd3 42. Kg6 Kd5 43. Kxg7 f5 44. h5 f4 45. h6 f3 46. h7 f2 47. Nd2 1-0

[Event "World Blitz 2015"]
[Site "Berlin GER"]
[Date "2015.10.14"]
[Round "13.31"]
[White "Bologan, Viktor"]
[Black "Nepomniachtchi, Ian"]
[Result "0-1"]
[WhiteTitle "GM"]
[BlackTitle "GM"]
[WhiteElo "2607"]
[BlackElo "2705"]
[WhiteFideId "13900048"]
[BlackFideId "4168119"]
[EventDate "2015.10.13"]

1. Nf3 g6 2. c4 Bg7 3. g3 e5 4. d3 c6 5. Bg2 d5 6. cxd5 cxd5 7. O-O Ne7 8. e4
O-O 9. Nc3 d4 10. Ne2 Nbc6 11. Ne1 f5 12. Bg5 h6 13. Bxe7 Qxe7 14. f4 Kh7 15. a3
a5 16. Rc1 Bd7 17. h3 Rae8 18. fxe5 Nxe5 19. Nf4 Qd6 20. exf5 Bxf5 21. g4 Bd7
22. Be4 Bc6 23. Bxc6 bxc6 24. Neg2 c5 25. Rc2 c4 26. dxc4 d3 27. Rd2 g5 28. Nxd3
Nxc4 29. Rxf8 Rxf8 30. Rc2 Bd4+ 31. Kh1 Qg3 32. Ngf4 gxf4 33. Rh2 f3 34. Qb1 Kh8 0-1